000 00406nam a22001697a 4500
005 20180806111547.0
008 160623b xxu||||| |||| 00| 0 eng d
020 _a0-07-048280-2
041 _aeng
082 _b9257
_a658.3
100 _aAswathappa. K.
_94704
245 _aHuman Resource and Personnal Management
260 _bTMH
_adelhi
300 _a595p,
650 _aManagement
_9241
942 _cBK
999 _c3600
_d3599